000
00214nam a22000857a 4500
008
170116b xxu||||| |||| 00| 0 eng d
100
_9
2439
_a
Rathore.B.S.
245
_a
A to Z Basket Ball
260
_a
New Delhi
_b
F.P.
_c
2009
999
_c
5482
_d
5482